000 00567nam a22001697a 4500
003 NUST
038 _aNusrat Nadeem
082 _a200
100 _aNoor Ul Huda
_9125493
245 _aUnderstanding the Process of Radicalization: A Case Study of Pakistani Madrasa Females/
_cNoor Ul Huda
264 _aIslamabad;
_bCIPS NUST;
_c2024.
300 _a333,p;
_cill;
_e30,cm.
650 _a PhD-Peace and Conflict Studies
_9125494
700 _aSupervisor: Dr. Muhammad Makki
_9120500
856 _uhttp://10.250.8.41:8080/xmlui/handle/123456789/46072
942 _2ddc
_cSC
999 _c611233
_d611233